1650 1222 1337 1242 1461 1073 1629 1810 1308 1056 1003 1938 1310 1417 1644 1176 1966 1767 1770 1281 1186 1546 1812 1249 1901 1832 1173 1748 1495 1899 1091 1433 1475 1360 1207 1475 1997 1209 1377 1929 1765 1182 1530 1423 1093 1164 1398 1242 1797 1116 1244 1398 1612 1049 1066 1266 1740 1770 1378 1295 1515 1657 1056 1785 1502 1857 1493 1987 1862 1093 1015 1759 1809 1024 1722 1659 1779 1149 1215 1689 1836 1464 1801 1433 1487 1590 1888 1256 1879 1884 1600 1837 1858 1214 1921 1791 1449 1084 1705 BCNSPRNW ULIB Ver.6.0+V

เปลี่ยนเป็นภาษาไทย

Change to English
 แสดงรายละเอียดบรรณานุกรม
  กลับหน้าหลัก

Brief Record : Get Marc (ISO 2709) : E-mail record : QR code < ปิดหน้าต่าง
LEADER : 00000nam 2200000uu 4500
001    13399112998
003     ULIB
008    110921s2549||||th 000 0 tha d
020    9746457691 (ล.1)
050 04 P90^bม246ท ล.1 2549
110 1  มหาวิทยาลัยสุโขทัยธรรมาธิราช
245 10 ประมวลสาระชุดวิชา เทคโนโลยีการจัดการการสื่อสาร หน่วนที่ 1-7=^bTechnology for communication management/^cมหาวิทยาลัยสุโขทัยธรรมาธิราช
246 30 เทคโนโลยีการจัดการการสื่อสาร
246 31 Technology for communication management
250    พิมพ์ครั้งที่ 1
260    นนทบุรี :^bมหาวิทยาลัยสุโขทัยธรรมาธิราช,^c2549
300    2 เล่ม :^bภาพประกอบ
500    ล.1: หน่วยที่ 1-7 -- ล.2: หน่วยที่ 8-15
500    หน่วยที่ 1-15 (แนวการศึกษา)
505 2  ล.1: แนวคิดและทฤษฎีเทคโนโลยีการจัดการการสื่อสาร -- เศรษฐกิจการเมือง และสังคมที่มีผลต่อการจัดการการสื่อสาร -- กฎหมายที่เกี่ยวข้องกับการจัดการการสื่อสาร -- การจัดทำนโยบายและแผนการสื่อสาร -- กิจการการสื่อสารภาครัฐ -- กิจการการสื่อสารภาคเอกชน -- การจัดการการสื่อสารเชิงประยุกต์ -- ล.2:การจัดองค์การและการบริหารทรัพยากรมนุษย์ในองค์การด้านการสื่อสาร -- การจัดการการผลิตงานด้านการสื่อสาร -- การควบคุมการจัดการการสื่อสาร --การจัดการการเงิน วัสดุ อุปกรณ์ในกิจการด้านการสื่อสาร -- การเพิ่มประสิทธิภาพในการจัดการการสื่อสาร -- กลยุทธ์การสื่อสารการตลาดเพื่อการจัดการ -- เทคโนโลยีการสนเทศเพื่อการจัดการ -- การประยุกต์เทคโนโลยีการจัดการการสื่อสารเพื่อการพัฒนาองค์การ
650  7 การสื่อสาร
650  7 เทคโนโลยีการสื่อสาร
650  7 การสื่อสาร^xการจัดการ^xเทคโนโลยีที่เหมาะสม
700 0  ปาริชาต สถาปิตานนท์
710 2  มหาวิทยาลัยสุโขทัยธรรมาธิราช.^bสาขาวิชานิเทศศาสตร์
740 0  Technology for communication management
945    ^p750^l0^i022943
945    ^p750^l0^i022944
945    ^p750^l0^i022945
995    ทศพร
999 ^a ทศพร
รายการนี้ยังไม่มีแท็ก
คุณยังไม่ได้ล็อกอิน คุณสามารถมีกิจกรรมร่วมกับเว็บไซต์ได้ แต่ต้องล็อกอินก่อน ::
  ล็อกอิน

รายการสื่อสารสนเทศ

ลำดับที่ ประเภท เลขเรียก/บาร์โค้ด สถานที่ สถานะ
- ไม่พบข้อมูล -

รายการใกล้เคียง
    หัวเรื่อง [การสื่อสาร]
    หัวเรื่อง [เทคโนโลยีการสื่อสาร]

BibComment


ยังไม่เคยถูกคอมเมนท์

คอมเมนท์ทรัพยากรรายการนี้
  คอมเมนท์: ประมวลสาระชุดวิชา..


 Copyright 2026. Bcnsprnw @Library